| 000 | 00496nam a2200193Ia 4500 | ||
|---|---|---|---|
| 005 | 20250425160831.0 | ||
| 008 | 250425s9999 xx 000 0 und d | ||
| 020 | _a0824771362 | ||
| 041 | _aeng | ||
| 082 | _a658.562 | ||
| 100 | _aODEH, ROBERT E. | ||
| 245 | 0 | _aATTRIBUTE SAMPLING PLANS, TABLES TESTS AND CONFIDENCE LIMITS FOR PROPORTIONS | |
| 250 | _a1ST ED. | ||
| 260 |
_aEstados Unidos _bMARCEL DEKKER _c1983 |
||
| 260 | _aNEW YORK | ||
| 300 | _a363 | ||
| 942 | _c01 | ||
| 010 | _a6413 | ||
| 999 |
_c197112 _d197112 |
||